| 000 | 01212cam a2200217 4500 | ||
|---|---|---|---|
| 001 | ##L135401 | ||
| 008 | 061023n2006 000 0 eng u | ||
| 020 |
_a1852619325 _a9781852619329 |
||
| 035 | _a(Sirsi) u135401 | ||
| 041 | 0 | _aeng | |
| 050 | 0 | 4 | _a551.52 $2 18 |
| 110 | 2 |
_aLondon _bGreater London Authority _bMayor of London _94869 |
|
| 245 | 0 | 0 |
_aLondon's urban heat island _ba summary for decision makers |
| 260 |
_aLondon _bGLA _c2006 |
||
| 520 | _aProvides a summary of a technical study commissioned by the Mayor to investigate London's urban heat island. Defines the concept of an urban heat island and details the evidence for London's urban heat island. Concludes that London is particularly vulnerable to high temperatures and that London's growth over the next decade needs to ensure that new development is located, designed and constructed to minimise and if possible reduce its contribution to London's urban heat island. Figures. | ||
| 590 | _aIKA311006 | ||
| 651 | 4 | _aLONDON | |
| 690 | _aENVIRONMENTAL AND LAND CONSULTANCY-ENERGY-ENERGY USE | ||
| 856 | 4 | 0 |
_uhttps://www.london.gov.uk/mayor/environment/climate-change/ _zView the summary free of charge at www.london.gov.uk... |
| 942 | _n0 | ||
| 999 |
_c106044 _d106044 |
||